000 00630nam a2200193Ia 4500
003 GCL
008 140319s9999 xx 000 0 ara d
040 _aGCL /
_cGCL
082 0 4 _a823.03
_bد ز
100 1 _aاحمد نجيب هاشم
245 1 0 _aالزنديق الاعظم قصة وسيرة /
_cاحمد نجيب هاشم
700 1 _aديس، جوزيف جاى
300 _a719 ص
490 _aالمؤسسة المصرية العامة للتأليف والنشر
_v0
650 0 4 _aالادب الامريكى
650 0 4 _aالقصص الامريكية
650 0 4 _aالقصص الطويلة
942 _2ddc
_cBK
999 _c39503
_d39503